000 00343nam a22001457a 4500
003 SGT
020 _a978-3-13-171451-0
082 _a617.3
_bO01S
100 _aSCHOMACHER, JOCHEN
245 _aORTHOPEDIC MANUAL THERAPY ASSESSMENT AND MANAGEMENT
250 _a1ST
260 _aNEW YORK
_bTHIEME
_c2001
300 _a316
942 _2ddc
_cBK
999 _c16997
_d16997